000 00260nam a2200109Ia 4500
008 220204s9999 xx 000 0 und d
082 _a82-312.4
_bAES
100 _aAeschylus
245 4 _aThe Oresteian trilogy
260 _aEngland
_bPenguin
_c1978
942 _cBK
999 _c32971
_d32971